[Event "POL-chT 2nd League"]
[Site "Ustron"]
[Date "2008.09.14"]
[Round "8.42"]
[White "Labedz, Patrycja"]
[Black "Flazinska, Anna"]
[Result "1/2-1/2"]
[WhiteElo "1949"]
[BlackElo "1829"]
[PlyCount "34"]
[EventDate "2008.09.06"]
[EventType "team-swiss"]
[EventRounds "9"]
[EventCountry "POL"]
[SourceTitle "EXT 2015"]
[Source "ChessBase"]
[SourceDate "2014.11.20"]
[SourceVersion "1"]
[SourceVersionDate "2014.11.20"]
[SourceQuality "1"]
[WhiteTeam "Jaworzno JKSz MCKiS"]
[BlackTeam "Torun AZS UMK"]
[WhiteTeamCountry "POL"]
[BlackTeamCountry "POL"]

1. Nf3 Nf6 2. d4 d5 3. Bf4 Bf5 4. e3 e6 5. Bd3 Bxd3 6. Qxd3 Bd6 7. Bxd6 Qxd6 8. 0-0 0-0 9. Nbd2 c5 10. dxc5 Qxc5 11. c4 Nc6 12. cxd5 Qxd5 13. Qxd5 Nxd5 14. Rfc1 Rac8 15. a3 f6 16. b4 a6 17. Ne4 b6 1/2-1/2

[Event "POL-chT 2nd League"]
[Site "Ustron"]
[Date "2008.09.12"]
[Round "7.54"]
[White "Flazinska, Anna"]
[Black "Jalowiec, Halina"]
[Result "1/2-1/2"]
[WhiteElo "1829"]
[BlackElo "2073"]
[PlyCount "121"]
[EventDate "2008.09.06"]
[EventType "team-swiss"]
[EventRounds "9"]
[EventCountry "POL"]
[SourceTitle "EXT 2015"]
[Source "ChessBase"]
[SourceDate "2014.11.20"]
[SourceVersion "1"]
[SourceVersionDate "2014.11.20"]
[SourceQuality "1"]
[WhiteTeam "Torun AZS UMK"]
[BlackTeam "Pilzno GKSz Hetman"]
[WhiteTeamCountry "POL"]
[BlackTeamCountry "POL"]

1. e4 c5 2. Nf3 d6 3. d4 cxd4 4. Nxd4 Nf6 5. Nc3 Nc6 6. Bg5 h6 7. Bxf6 gxf6 8. Be2 Qb6 9. Ndb5 Be6 10. Nd5 Bxd5 11. exd5 Ne5 12. 0-0 Rc8 13. c3 a6 14. Nd4 Rc7 15. Qa4+ Kd8 16. Bh5 Rc4 17. Qa3 Rg8 18. Rae1 Qc5 19. Qxc5 Rxc5 20. Rxe5 fxe5 21. Bxf7 Rxg2+ 22. Kxg2 exd4 23. cxd4 Rc2 24. Be6 Kc7 25. Rb1 Bg7 26. Bf5 Rd2 27. Rc1+ Kb6 28. Rc2 Rxc2 29. Bxc2 Bxd4 30. b3 Kc5 31. Kf3 b6 32. Bd3 a5 33. Ke4 Bxf2 34. a4 Kb4 35. Bc4 Kc3 36. h3 Bh4 37. Ke3 Bf6 38. Ke4 Kd2 39. Kf5 h5 40. Ke6 Ke3 41. Kd7 Kf3 42. Bd3 Kf4 43. Kc6 Bd4 44. Kd7 Ke5 45. Bc4 Kf6 46. Bf1 Bc5 47. Be2 h4 48. Bf3 Bb4 49. Bg2 Bd2 50. Bf3 Be3 51. Bg2 Bf4 52. Bf3 Bg5 53. Kc6 Be3 54. Kd7 Bc5 55. Bg2 Ke5 56. Kc6 Kf4 57. Kd7 Kg3 58. Bf1 Kf2 59. Bd3 Ke3 60. Bb5 Kf2 61. Bd3 1/2-1/2

[Event "POL-chT 2nd League"]
[Site "Ustron"]
[Date "2008.09.11"]
[Round "6.30"]
[White "Kupczyk, Edyta"]
[Black "Flazinska, Anna"]
[Result "1/2-1/2"]
[WhiteElo "2110"]
[BlackElo "1829"]
[PlyCount "60"]
[EventDate "2008.09.06"]
[EventType "team-swiss"]
[EventRounds "9"]
[EventCountry "POL"]
[SourceTitle "EXT 2015"]
[Source "ChessBase"]
[SourceDate "2014.11.20"]
[SourceVersion "1"]
[SourceVersionDate "2014.11.20"]
[SourceQuality "1"]
[WhiteTeam "Chroscice LZS Victoria"]
[BlackTeam "Torun AZS UMK"]
[WhiteTeamCountry "POL"]
[BlackTeamCountry "POL"]

1. d4 d5 2. c4 e6 3. Nc3 Nf6 4. Nf3 Be7 5. Bg5 0-0 6. e3 Nbd7 7. Be2 b6 8. cxd5 Nxd5 9. Nxd5 exd5 10. Bxe7 Qxe7 11. Qc2 c5 12. 0-0 Bb7 13. dxc5 Nxc5 14. Nd4 g6 15. Rac1 Rac8 16. b4 Na6 17. Qa4 Qxb4 18. Qd7 Nc5 19. Qg4 Ne4 20. h4 Qe7 21. h5 Qg5 22. Qd7 Rb8 23. hxg6 Qxg6 24. Nc6 Bxc6 25. Rxc6 Qg5 26. Qxa7 Ra8 27. Qxb6 Rxa2 28. Qb5 Rfa8 29. Rc7 Kh8 30. Bd3 Nd6 1/2-1/2

[Event "POL-chT 2nd League"]
[Site "Ustron"]
[Date "2008.09.10"]
[Round "4.36"]
[White "Kaminska, Paulina"]
[Black "Flazinska, Anna"]
[Result "1/2-1/2"]
[WhiteElo "1919"]
[BlackElo "1829"]
[PlyCount "64"]
[EventDate "2008.09.06"]
[EventType "team-swiss"]
[EventRounds "9"]
[EventCountry "POL"]
[SourceTitle "EXT 2015"]
[Source "ChessBase"]
[SourceDate "2014.11.20"]
[SourceVersion "1"]
[SourceVersionDate "2014.11.20"]
[SourceQuality "1"]
[WhiteTeam "Krakow KKSz"]
[BlackTeam "Torun AZS UMK"]
[WhiteTeamCountry "POL"]
[BlackTeamCountry "POL"]

1. e4 c5 2. Nf3 d6 3. d4 cxd4 4. Nxd4 Nf6 5. Nc3 a6 6. Be2 e5 7. Nb3 Be6 8. Be3 Be7 9. 0-0 0-0 10. f4 Nbd7 11. f5 Bxb3 12. axb3 b5 13. Nd5 Nxd5 14. exd5 Bg5 15. Bf2 Nc5 16. Bxc5 dxc5 17. d6 Qb6 18. Qd5 Rad8 19. Rad1 Rd7 20. Qxe5 Bf6 21. Qg3 Rfd8 22. Rfe1 h6 23. c4 Bd4+ 24. Kh1 Rxd6 25. Qf4 Qa5 26. Bf3 Bxb2 27. Qxd6 Qxe1+ 28. Rxe1 Rxd6 29. Re8+ Kh7 30. Bd5 bxc4 31. bxc4 Rf6 32. g4 g6 1/2-1/2

[Event "Kowalewo Pomorskie op-B"]
[Site "Kowalewo Pomorskie"]
[Date "2008.07.07"]
[Round "4.3"]
[White "Karski, Lukasz"]
[Black "Flazinska, Anna"]
[Result "1-0"]
[WhiteElo "1938"]
[BlackElo "1829"]
[PlyCount "85"]
[EventDate "2008.07.04"]
[EventType "swiss"]
[EventRounds "9"]
[EventCountry "POL"]
[SourceTitle "EXT 2023"]
[Source "ChessBase"]
[SourceDate "2022.10.05"]
[SourceVersion "1"]
[SourceVersionDate "2022.10.05"]
[SourceQuality "1"]

1. e4 c5 2. Nf3 a6 3. c4 d6 4. d4 cxd4 5. Nxd4 Nf6 6. Nc3 e6 7. Be2 Be7 8. 0-0 0-0 9. Be3 Nc6 10. Qd2 Bd7 11. Kh1 Qc7 12. b3 Nxd4 13. Bxd4 Bc6 14. f3 Nd7 15. Rac1 Rac8 16. Rfd1 Nc5 17. Qc2 Bg5 18. Rb1 e5 19. Bf2 Ne6 20. Bf1 b5 21. Qb2 b4 22. Nd5 Qb7 23. g3 f5 24. Bh3 g6 25. Qc2 Ng7 26. Qe2 Rce8 27. Be3 Bxe3 28. Qxe3 fxe4 29. fxe4 Ne6 30. Bxe6+ Rxe6 31. Rf1 Bxd5 32. Rxf8+ Kxf8 33. Rf1+ Kg7 34. cxd5 Re8 35. Qg5 Qc7 36. Qf6+ Kg8 37. Rf2 Qc1+ 38. Kg2 Qc7 39. h4 Qd7 40. h5 gxh5 41. Rf5 h6 42. Qxh6 Qh7 43. Rg5+ 1-0

[Event "POL-chT2 U20 Girls"]
[Site "Lublin"]
[Date "2007.07.08"]
[Round "2"]
[White "Gola, Karolina"]
[Black "Flazinska, Anna"]
[Result "1-0"]
[WhiteElo "1878"]
[BlackElo "1812"]
[PlyCount "54"]
[EventDate "2007.07.07"]
[EventType "team-tourn"]
[EventRounds "11"]
[EventCountry "POL"]
[SourceTitle "EXT 2010"]
[Source "ChessBase"]
[SourceDate "2010.11.25"]
[SourceVersion "1"]
[SourceVersionDate "2010.11.25"]
[SourceQuality "1"]

1. e4 c5 2. Nc3 Nc6 3. g3 Nf6 4. Bg2 e6 5. Nge2 d5 6. exd5 exd5 7. d4 c4 8. Bg5 Bb4 9. 0-0 Be6 10. h3 Be7 11. Nf4 0-0 12. Bxf6 Bxf6 13. Ncxd5 Bxd4 14. c3 Bc5 15. Nxe6 fxe6 16. Nf4 Qf6 17. Bxc6 bxc6 18. Qe2 Rae8 19. Qxc4 g5 20. Qxc5 gxf4 21. Qxc6 Qh6 22. Kh2 Re7 23. Rae1 Rf5 24. g4 Rg5 25. Rg1 Qh4 26. Rxe6 Rf7 27. Qf3 Rb5 1-0

[Event "POL-chT 62th"]
[Site "Ustron"]
[Date "2006.09.08"]
[Round "7"]
[White "Mikulewicz, Joanna"]
[Black "Flazinska, Anna"]
[Result "1-0"]
[WhiteElo "2082"]
[BlackElo "1856"]
[PlyCount "43"]
[EventDate "2006.09.02"]
[EventType "team-tourn"]
[EventRounds "9"]
[EventCountry "POL"]
[SourceTitle "EXT 2019"]
[Source "ChessBase"]
[SourceDate "2018.10.10"]
[SourceVersion "1"]
[SourceVersionDate "2018.10.10"]
[SourceQuality "1"]
[WhiteTeam "Gorzow Wielkopolski Stilon"]
[BlackTeam "Grodzisk Polfa Mazowiecki"]
[WhiteTeamCountry "POL"]
[BlackTeamCountry "POL"]

1. e4 c5 2. Nf3 a6 3. d4 cxd4 4. Nxd4 Nf6 5. Nc3 e5 6. Nb3 Bb4 7. Bd3 Bxc3+ 8. bxc3 Qc7 9. 0-0 0-0 10. Bg5 Qxc3 11. f4 d6 12. Bxf6 gxf6 13. f5 Rd8 14. Qh5 Kf8 15. g4 Ke7 16. Qxh7 Nd7 17. Rf3 b6 18. g5 fxg5 19. f6+ Ke8 20. Qg8+ Nf8 21. Bb5+ axb5 22. Rxc3 1-0

[Event "POL-chT 62th"]
[Site "Ustron"]
[Date "2006.09.06"]
[Round "5"]
[White "Flazinska, Anna"]
[Black "Jakubiec, Edyta"]
[Result "0-1"]
[WhiteElo "1856"]
[BlackElo "2213"]
[PlyCount "120"]
[EventDate "2006.09.02"]
[EventType "team-tourn"]
[EventRounds "9"]
[EventCountry "POL"]
[SourceTitle "EXT 2019"]
[Source "ChessBase"]
[SourceDate "2018.10.10"]
[SourceVersion "1"]
[SourceVersionDate "2018.10.10"]
[SourceQuality "1"]
[WhiteTeam "Grodzisk Polfa Mazowiecki"]
[BlackTeam "Plock PTSz"]
[WhiteTeamCountry "POL"]
[BlackTeamCountry "POL"]

1. e4 d6 2. d4 Nf6 3. Bd3 e5 4. dxe5 dxe5 5. Nf3 Nbd7 6. Bg5 Be7 7. 0-0 0-0 8. Nbd2 c6 9. Nc4 Qc7 10. c3 b5 11. Ne3 Nc5 12. Qc2 Rd8 13. Rfd1 Be6 14. Bh4 a6 15. Bg3 Nfd7 16. Nf5 Bxf5 17. exf5 Nxd3 18. Rxd3 c5 19. Re3 f6 20. Re4 c4 21. Rh4 Qb7 22. b3 Rac8 23. bxc4 bxc4 24. Rb1 Qc6 25. Nd2 Qd5 26. f3 Bc5+ 27. Bf2 Bxf2+ 28. Kxf2 Nc5 29. Ke2 Nd3 30. g3 Rc7 31. Nf1 e4 32. Rxe4 Qxf5 33. Ne3 Qh5 34. Rh4 Qf7 35. Rb6 a5 36. Rb5 Qe8 37. Rxa5 Re7 38. Re4 Rxe4 39. fxe4 Qxe4 40. Rf5 Re8 41. Rf3 Nf4+ 42. Kf2 Nd3+ 43. Ke2 Qxf3+ 44. Kxf3 Ne1+ 45. Kf2 Nxc2 46. Nxc2 Rd8 47. Ne3 Rd2+ 48. Kg1 Rxa2 49. Nxc4 Rc2 50. Nd6 Rxc3 51. Kg2 Rc2+ 52. Kh3 Kf8 53. g4 Ra2 54. Kg3 Ke7 55. Nf5+ Kf7 56. h4 Ra3+ 57. Kf4 Ra4+ 58. Kg3 g6 59. Ne3 Ke6 60. Kf3 Ke5 0-1

[Event "Mazowieckie-chT 0506"]
[Site "Poland"]
[Date "2006.01.22"]
[Round "9"]
[White "Glowienkowski, Roman"]
[Black "Flazinska, Anna"]
[Result "1-0"]
[WhiteElo "1800"]
[BlackElo "1861"]
[PlyCount "115"]
[EventDate "2005.10.09"]
[EventType "team-tourn"]
[EventRounds "9"]
[EventCountry "POL"]
[SourceTitle "EXT 2019"]
[Source "ChessBase"]
[SourceDate "2018.10.10"]
[SourceVersion "1"]
[SourceVersionDate "2018.10.10"]
[SourceQuality "1"]

1. e4 c5 2. Nf3 g6 3. c3 Bg7 4. d4 cxd4 5. cxd4 Nc6 6. Nc3 d6 7. h3 Nf6 8. Be2 0-0 9. 0-0 a6 10. Be3 b5 11. a3 Bb7 12. Bd3 Rc8 13. Rc1 Na5 14. b3 e6 15. Nd2 Nd7 16. f4 Nc6 17. Ne2 Qb6 18. Nf3 f5 19. Qd2 Qa5 20. d5 Qxd2 21. Bxd2 exd5 22. exf5 gxf5 23. Kh2 Nc5 24. Bc2 Ne4 25. Be3 Bb2 26. Rcd1 Bxa3 27. Bb1 Ne7 28. Nfd4 Bc5 29. Bg1 Rf6 30. g4 h6 31. Ng3 Nc3 32. Rde1 Kf7 33. Bxf5 Nxf5 34. Ngxf5 Ne4 35. h4 Bb4 36. Rc1 Bc5 37. g5 Rg6 38. h5 Rg7 39. Nxh6+ Ke8 40. Nhf5 Rf7 41. g6 Rf6 42. Nh4 Kd7 43. f5 a5 44. h6 Rff8 45. h7 Rh8 46. f6 Nxf6 47. Rxf6 Bxd4 48. Rf7+ Ke6 49. Bxd4 Rxc1 50. Rxb7 Rhc8 51. h8Q R1c2+ 52. Kg3 Rxh8 53. Bxh8 a4 54. bxa4 bxa4 55. g7 Rc8 56. Ra7 d4 57. Rxa4 Ke5 58. Nf3+ 1-0

[Event "Mazowieckie-chT 0506"]
[Site "Poland"]
[Date "2005.11.06"]
[Round "3"]
[White "Flazinska, Anna"]
[Black "Alvarado, Jolanta"]
[Result "1/2-1/2"]
[WhiteElo "1861"]
[BlackElo "2099"]
[PlyCount "78"]
[EventDate "2005.10.09"]
[EventType "team-tourn"]
[EventRounds "9"]
[EventCountry "POL"]
[SourceTitle "EXT 2019"]
[Source "ChessBase"]
[SourceDate "2018.10.10"]
[SourceVersion "1"]
[SourceVersionDate "2018.10.10"]
[SourceQuality "1"]

1. e4 c5 2. Nf3 Nc6 3. d4 cxd4 4. Nxd4 g6 5. Nc3 Bg7 6. Be3 Nf6 7. Bc4 Qa5 8. 0-0 0-0 9. Nb3 Qc7 10. f4 d6 11. Be2 b6 12. Nd5 Qd7 13. Bb5 Kh8 14. Nd4 Bb7 15. Nb4 Ng4 16. Ndxc6 Nxe3 17. Qd3 Nxf1 18. Na5 Bxe4 19. Qxf1 Qg4 20. Nac6 a5 21. Nd3 Bxc6 22. Bxc6 Rac8 23. Bf3 Qd7 24. Qd1 Rc7 25. c3 f5 26. Qe1 e5 27. Bd5 e4 28. Nf2 b5 29. Nh3 b4 30. Ng5 Rb8 31. Nf7+ Qxf7 32. Bxf7 Rxf7 33. Rd1 Rd7 34. Rd5 bxc3 35. bxc3 Rc8 36. Qd1 Rc6 37. c4 Rxc4 38. Rxd6 Bd4+ 39. Rxd4 Rcxd4 1/2-1/2

[Event "POL-chT 2nd League"]
[Site "Wysowa"]
[Date "2005.09.02"]
[Round "7.78"]
[White "Tadych, Anika"]
[Black "Flazinska, Anna"]
[Result "1-0"]
[WhiteElo "1900"]
[BlackElo "1900"]
[PlyCount "71"]
[EventDate "2005.08.27"]
[EventType "team-swiss"]
[EventRounds "9"]
[EventCountry "POL"]
[SourceTitle "EXT 2019"]
[Source "ChessBase"]
[SourceDate "2018.10.10"]
[SourceVersion "1"]
[SourceVersionDate "2018.10.10"]
[SourceQuality "1"]
[WhiteTeam "Swiecie Gambit"]
[BlackTeam "Wegrow SRSDiM"]
[WhiteTeamCountry "POL"]
[BlackTeamCountry "POL"]

1. d4 d5 2. e3 Nf6 3. Bd3 e6 4. f4 c5 5. c3 Nc6 6. Nf3 Be7 7. Ne5 Qc7 8. Nd2 a6 9. a4 Rb8 10. Ndf3 h6 11. 0-0 0-0 12. g4 cxd4 13. exd4 Ne4 14. Qe2 Nd6 15. h4 Nxe5 16. fxe5 Nc4 17. g5 h5 18. g6 fxg6 19. Bxg6 Bd7 20. Bxh5 Be8 21. Bg4 Bd7 22. Qd3 b5 23. Bg5 Rf7 24. b3 Na5 25. Bxe7 Rxe7 26. Ng5 g6 27. Qxg6+ Rg7 28. Bxe6+ Bxe6 29. Qxe6+ Kh8 30. Rf6 Nxb3 31. Rh6+ Rh7 32. Rxh7+ Qxh7 33. Nxh7 Kxh7 34. Qf7+ Kh8 35. Qh5+ Kg7 36. Rf1 1-0

[Event "Mazowieckie-chT 0405 Relegation"]
[Site "Poland"]
[Date "2005.03.20"]
[Round "3"]
[White "Flazinska, Anna"]
[Black "Krasiewicz, Robert"]
[Result "1-0"]
[WhiteElo "1900"]
[BlackElo "2047"]
[PlyCount "135"]
[EventDate "2005.03.06"]
[EventType "team-tourn"]
[EventRounds "3"]
[EventCountry "POL"]
[SourceTitle "EXT 2019"]
[Source "ChessBase"]
[SourceDate "2018.10.10"]
[SourceVersion "1"]
[SourceVersionDate "2018.10.10"]
[SourceQuality "1"]

1. e4 e6 2. d4 b6 3. Bd3 Bb7 4. Ne2 c5 5. c3 Nf6 6. Ng3 Nc6 7. Be3 cxd4 8. cxd4 Nb4 9. 0-0 h5 10. e5 h4 11. exf6 hxg3 12. fxg3 gxf6 13. Be2 Rc8 14. Nc3 f5 15. Bf3 Ba6 16. Be2 Bxe2 17. Qxe2 Bg7 18. Rxf5 Qe7 19. Rf3 d5 20. Raf1 Rf8 21. Qb5+ Nc6 22. Qa6 Kd8 23. Qd3 f5 24. a3 Na5 25. Bf4 Nc4 26. R3f2 Rc6 27. Re1 Qf6 28. Be5 Nxe5 29. dxe5 Qe7 30. Nb5 Qb7 31. Nd4 Rf7 32. Nxc6+ Qxc6 33. g4 f4 34. Qg6 Qd7 35. Qg5+ Qe7 36. Qg6 Kc8 37. Rc1+ Kb7 38. Re1 Bf8 39. h3 Qd7 40. Kh2 Bc5 41. Rf3 Bd4 42. b4 Rg7 43. Qd3 Be3 44. Kh1 Rh7 45. Qg6 Qe7 46. Qf6 Qd7 47. Qg6 Rg7 48. Qf6 Rh7 49. Qg6 Qe7 50. Re2 Rg7 51. Qf6 Qc7 52. Rf1 Rxg4 53. Rxe3 Qc4 54. Ref3 Rxg2 55. Kxg2 Qe2+ 56. R1f2 Qe4 57. Qe7+ Ka6 58. Qxe6 d4 59. Qd6 Kb5 60. e6 Qg6+ 61. Kh2 a5 62. bxa5 Kxa5 63. Qb4+ Ka6 64. e7 b5 65. Qxd4 b4 66. axb4 Kb5 67. Qc5+ Ka4 68. Ra2# 1-0

[Event "POL-ch U16 Girls"]
[Site "Leba"]
[Date "2004.03.30"]
[Round "5"]
[White "Wojdyla, Anna"]
[Black "Flazinska, Anna"]
[Result "0-1"]
[WhiteElo "1600"]
[BlackElo "1800"]
[PlyCount "82"]
[EventDate "2004.03.27"]
[EventType "swiss"]
[EventRounds "11"]
[EventCountry "POL"]
[SourceTitle "EXT 2005"]
[Source "ChessBase"]
[SourceDate "2004.11.15"]
[SourceVersion "1"]
[SourceVersionDate "2004.11.15"]
[SourceQuality "1"]

1. d4 c5 2. e3 e6 3. Bd3 Nc6 4. Ne2 d5 5. c3 c4 6. Bc2 Bd6 7. e4 Nge7 8. b3 b5 9. 0-0 dxe4 10. Bxe4 Qc7 11. g3 Bb7 12. bxc4 bxc4 13. Nd2 f5 14. Bg2 h5 15. Nxc4 h4 16. Nxd6+ Qxd6 17. Bf4 Qd7 18. Bg5 h3 19. Bh1 Nd8 20. Bxb7 Qxb7 21. f3 Rh5 22. Bxe7 Qxe7 23. Nf4 Rh6 24. d5 g5 25. Nd3 exd5 26. Re1 Re6 27. Rxe6 Qxe6 28. Qa4+ Kf7 29. Re1 Qb6+ 30. Kh1 Nc6 31. Qb3 Qxb3 32. axb3 Rb8 33. b4 d4 34. cxd4 Nxd4 35. f4 g4 36. Kg1 Nf3+ 37. Kf2 Nxe1 38. Kxe1 Ke6 39. Ke2 Kd5 40. Ke3 Kc4 41. Kd2 Rd8 0-1